000 00528nam a2200241 a 4500
003 AR-BaBNM
005 20251128203353.0
008 082120s2002 ||||||||||||||000 | spa||
040 _cAR-BaBNM
100 0 _aPetronio
245 0 0 _aEl satiricón
260 _aBuenos Aires
_bAraujo
_c1940
300 _a236 p.
490 0 _aLeda
650 4 _aSATIRA
650 4 _aLITERATURA LATINA
650 4 _aHUMOR
653 _aNARRATIVA
653 _aNOVELA EROTICA
655 _aLITERATURA
942 _cBK
998 _cMARTIN
999 _c3073
_d3073